banner koha

Detection of Mycobacterium avium subsp. paratuberculosis in a cattle/pudu interface (Registro n. 329233)

MARC details
000 -LÍDER
fixed length control field 04063nab a2200301 i 4500
003 - CÓDIGO MARC DA AGÊNCIA CATALOGADORA
Campo de controle BR-BrBNA
005 - DATA E HORA DA ÚLTIMA ATUALIZAÇÃO
Campo de controle 20241213133717.0
008 - CAMPO DE TAMANHO FIXO
fixed length control field 241213b2015 bl.|r|pooa||| 00| 0 eng |
040 ## - FONTE DA CATALOGAÇÃO
Agência catalogadora BR-BrBNA
Idioma da catalogação eng
072 ## - CATEGORIA AGRIS
Código AGRIS L73
Código do objeto 4110
100 ## - ENTRADA PRINCIPAL - NOME PESSOAL
Nome pessoal Salgado, M.
100 ## - ENTRADA PRINCIPAL - NOME PESSOAL
Nome pessoal Aleuy, O.A.
100 ## - ENTRADA PRINCIPAL - NOME PESSOAL
Nome pessoal Sevilla, I.A.
100 ## - ENTRADA PRINCIPAL - NOME PESSOAL
Nome pessoal Troncoso, E.
245 ## - TÍTULO PRINCIPAL
Título principal Detection of Mycobacterium avium subsp. paratuberculosis in a cattle/pudu interface
500 ## - NOTA GERAL
Nota geral Publicação online; 23 ref.; Summaries (En, Pt)
942 ## - ADDED ENTRY ELEMENTS (KOHA)
Koha item type Analítica
520 ## - NOTA DE RESUMO
Nota de conteúdo <br/><br/>ABSTRACT - Mycobacterium avium subsp. paratuberculosis (Map) is the etiological agent of paratuberculosis. In Chile, information about Map isolation from both domestic ruminant and wildlife species has been accumulating, but it has to be extended to other species. The present study focuses specifically on one wild grazing species, the pudu (Pudu puda), one of the less known South American deer considered an endangered species that shares pastures with cattle in southern Chile, where the greatest part of the country’s dairy cattle population is located. Convenient samples from 3 pudus were collected from one dairy farm where Map infection had previously been confirmed in cattle. All three pudus shed the bacterium in feces and the isolates are the same type of Map as described for cattle. This study represents the first case report of Map isolation in the pudu captured from the wild. It is also the first documented association between a Map-infected dairy herd and free-ranging wildlife species, such as pudu in the Los Ríos region, Chile. Since interspecies transmission of Map and other pathogens from livestock to pudu has already been demonstrated, the results from this study suggest that this free-ranging wildlife specie, inhabiting a dairy district in southern Chile, might represent another case of spillover host.<br/><br/><br/>Keywords: paratuberculosis, Map, wildlife, infection, spillover
520 ## - NOTA DE RESUMO
Nota de conteúdo <br/><br/>RESUMO - O agente etiológico da paratuberculose é o Mycobacterium avium subsp. paratuberculosis (Map). No Chile, já foi gerada informação do isolamento do Map em ruminantes domésticos e em algumas espécies selvagens, porém essa informação deve ser expandida a outras espécies. O presente estudo está focado na espécie selvagem herbívora, o Pudu (Pudu puda), que é considerado um dos cervos menos conhecidos da América do Sul, e que está em extinção. Essa espécie compartilha as pastagens com o gado no sul do Chile, local do país onde está concentrada a maior parte do rebanho leiteiro. Foram obtidas amostras de 3 pudus de uma fazenda de gado leiteiro, onde previamente havia sido confirmada a infecção por Map em bovinos. Os três pudus eliminavam a bactéria nas fezes, e os isolados fecais foram do mesmo tipo do Map relatado para os bovinos. Este estudo representa o primeiro relato de caso de isolamento do Map em pudu em vida silvestre. Também é a primeira associação documentada entre um rebanho leiteiro infectado com Map e a infecção de uma espécie silvestre de vida livre, tal como o pudu na região de Los Ríos, no Chile. A transmissão interespécies do Map, do mesmo modo que de outros patógenos de ruminantes para o pudu, já foi demonstrada, assim os resultados deste estudo sugerem que essa espécie de vida extensiva, que habita a mesma região leiteira no sul do Chile, pode representar mais um caso de repercussão ao hospedeiro.<br/><br/><br/>Palavras-chave: paratuberculose, Map, animais selvagens, infecção, repercussão
650 ## - ASSUNTO - THESAGRO
Cabeçalho tópico ou nome geográfico ANIMAL SELVAGEM
650 ## - ASSUNTO - THESAGRO
Cabeçalho tópico ou nome geográfico DOENÇA ANIMAL
650 ## - ASSUNTO - THESAGRO
Cabeçalho tópico ou nome geográfico PARATUBERCULOSE
650 ## - ASSUNTO - THESAGRO
Cabeçalho tópico ou nome geográfico INFECÇÃO
650 ## - ASSUNTO - THESAGRO
Cabeçalho tópico ou nome geográfico BACTÉRIA
773 0# - ENTRADA ANALÍTICA
Host Biblionumber 1643
Registro do item 315896
Imprenta Belo Horizonte-MG Universidade Federal de Minas Gerais - Escola de Veterinaria 1983
Outro identificador 2024-2261
Título Arquivo Brasileiro de Medicina Veterinária e Zootecnia (Brazil)
ISSN 0102-0935
Colação v. 67(5) p. 1205-1209; 2015
Número de controle de registro BR2024003986
856 ## - ACESSO E ENDEREÇO ELETRÔNICO
Identificador uniforme de recurso - URI https://www.scielo.br/j/abmvz/a/tNp6fkPbkwZbHjnQ3g7zxHq/?format=pdf&lang=en

Nenhum exemplar disponível.

BINAGRI

Telefone: (61)3218-2567/2388/3357/2097 - binagri@agro.gov.br

Ministério da Agricultura e Pecuária , Esplanada dos Ministérios, Bloco D, Anexo B, Brasília/DF, CEP: 70.043-900